000 00322nam a22001457a 4500
020 _a81-88682-03-9
082 _a001
_bTRE/F
100 _aTREND SETTERS
245 _aFACT FINDER 3
250 _aFIRST EDITION
260 _aDELHI
_bTREND SETTERS
_c2003
300 _a56
650 _aGENERAL KNOWLEDGE
_zINDIA
942 _cBK
999 _c6316
_d6316